=LDR 00000nam 2200000 4500 =001 INLIS000000000025810 =005 20130612124307 =008 ***********************************Ind** =035 ##$$0010-061300000025810 =041 ##$$a Ind =082 ##$$a 808.02 =090 ##$$a 808.02, Bra w =100 ##$$a Bram, Barli =245 ##$$a Write well, Barli Bram =260 ##$$a 1995 $b Jogjakarta =300 ##$$a 122 hlm, ilus, 21 cm =650 ##$$a Kepengarangan =850 ##$$a NBPNMAT